000 00439nam a2200193Ia 4500
005 20250423094749.0
008 250422s9999 xx 000 0 und d
020 _a078174315x
050 _aQM 23.2 .S55/
100 _aSnell, Richard S.
245 0 _aClinical anatomy
250 _a7 th ed.
260 _aPhiladelphia
260 _bLippincott Williams
260 _c2003
300 _a1012 p
650 _aAnatomy.
942 _cBK
999 _c28220
_d28220